Handbook of livestock statistics for developing countries. (Record no. 16079)

000 -LEADER
fixed length control field 00509cam a2200157 a 4500
020 ## - INTERNATIONAL STANDARD BOOK NUMBER
ISBN 9291460753
040 ## - CATALOGING SOURCE
Transcribing agency DLC
082 ## - DEWEY DECIMAL CLASSIFICATION NUMBER
Classification number 636 INT 2000 A083 Or.
245 00 - TITLE STATEMENT
Title Handbook of livestock statistics for developing countries.
260 ## - PUBLICATION, DISTRIBUTION, ETC. (IMPRINT)
Place of publication Nairobi, Kenya :
Name of publisher International Livestock Research Institute,
Year of publication 2000.
300 ## - PHYSICAL DESCRIPTION
Number of Pages x, 289 p. ;
Dimensions 25 cm.
490 1# - SERIES STATEMENT
Series statement Socio-economics and policy research working paper ;
650 #0 - SUBJECT ADDED ENTRY--TOPICAL TERM
Topical Term Livestock
710 2# - ADDED ENTRY--CORPORATE NAME
Corporate name or jurisdiction name as entry element International Livestock Research Institute.
942 ## - ADDED ENTRY ELEMENTS (KOHA)
Koha item type សៀវភៅភាសាអង់គ្លេស
952 ## - LOCATION AND ITEM INFORMATION (KOHA)
Withdrawn status [LOCAL, KOHA] 0
Holdings
Permanent Location Date acquired Koha item type Lost status Shelving location Barcode Current Location Full call number
Library Block A2018-01-08សៀវភៅភាសាអង់គ្លេស A083A15257Library Block A636 INT 2000 A083 Co.
មជ្ឈមណ្ឌលឯការនៃសាកលវិទ្យាល័យភូមិន្ទកសិកម្មចំការដូង

Powered by Koha